Chemistry and Toxicology of Pyrrolizidine Alkaloids /

Salvato in:
Dettagli Bibliografici
Autore principale: Mattocks, A.R (Autore)
Natura: Libro
Pubblicazione: London : Academic Press, 1986
Tags: Aggiungi Tag
Nessun Tag, puoi essere il primo ad aggiungerne!!

MARC

LEADER 00000nam a22000003a 4500
001 stu16237
005 20150617225758.0
008 ------s1986----uk----------------------d
040 |a STU  |b slo 
041 0
044 |a uk 
080 |a 547.94 
100 1 |a Mattocks, A.R  |4 aut 
245 1 |a Chemistry and Toxicology of Pyrrolizidine Alkaloids /  |c [aut.]Mattocks,A.R 
260 |a London :  |b Academic Press,  |c 1986 
300 |a 393 :  |b Tab.,lit.,index 
996 |b C85777  |c C*85777  |l CCXV  |s P  |a 0  |w stu16237_0001